Wagner nights

Uloženo v:
Podrobná bibliografie
Hlavní autor: Newman, Ernest (Autor)
Médium: Kniha
Jazyk:angličtina
Vydáno: Londres Pan Books 1977
Edice:Picador
Témata:
Tagy: Přidat tag
Žádné tagy, Buďte první, kdo vytvoří štítek k tomuto záznamu!

MARC

LEADER 00000nam a2200000 a 4500
001 UCN3243
003 CL-VaPUC
008 010622e19770000UK |||||||||||||||||eng|d
082 0 4 |a 782.1092  |b NEW  |2 21 
100 0 |a Newman, Ernest  |e author  |9 459715 
245 1 0 |a Wagner nights 
300 |a 771 p 
942 |c BK 
945 |d 20010622 00:00:00  |a crobeson 
260 |a Londres  |b Pan Books  |c 1977 
600 0 |a Wagner, Wilhelm Richard  |9 265759 
650 0 |a Ópera alemana  |9 306436 
650 0 |a Compositores alemanes  |9 324765 
650 0 |a Romanticismo en la música  |9 306753 
583 |a last modification  |c 20010622 00:00:00  |k Rodrigo Vera 
490 0 |a Picador 
999 |c 296168  |d 296166 
952 |0 0  |1 0  |4 0  |6 782_109200000000000_NEW_1977  |7 0  |8 A  |9 349782  |a BIBEDU  |b BIBEDU  |d 2019-11-20  |i 1234986  |o 782.1092 NEW 1977  |p 1234986  |r 2023-01-12  |w 2019-11-20  |y BK  |k MUS